000 00689nam a2200241 a 4500
999 _c797
_d797
008 191031r20092014ii a|||g |||| 00| 0 eng |
020 _a9788120338487
_cRs. 195.00
040 _aKO
_beng
041 0 _aeng
044 _aii
082 0 4 _223
_a658.45
_bK163
100 1 _aKaul, Asha
245 1 0 _aBusiness communication /
_cAsha Kaul
250 _a2nd ed.
260 _aDelhi :
_bPHI Learning Private Limited ,
_c2009, reprinted 2014
300 _axvii, 254 p. :
_bill. ;
_c24 cm.
504 _aIncludes Index.
650 0 _aBusiness communication
_xManagement
_vTextbooks
650 0 _aBusiness presentations
_xManagement
_vTextbooks
904 _aA_BOSE
942 _cBK